Ảnh hưởng của điều kiện nuôi cấy đến sinh trưởng và phát triển của vi tảo Botryococcus sp. : Luận văn tốt nghiệp Cao học ngành Công nghệ sinh học

Đề tài nghiên cứu nhằm mục đích khảo sát các điều kiện ảnh hưởng đến sự phát triển và xác địnhmột số điều kiện nuôi cấy thích hợp cho sự phát triển của vi tảo Botryococcus sp.

Guardado en:
Detalles Bibliográficos
Autor principal: La, Bách Hảo
Formato: Libro
Lenguaje:Undetermined
Publicado: Cần Thơ Trường Đại học Cần Thơ 2015
Materias:
Etiquetas: Agregar Etiqueta
Sin Etiquetas, Sea el primero en etiquetar este registro!
Thư viện lưu trữ: Trung tâm Học liệu Trường Đại học Cần Thơ
LEADER 01134nam a2200217Ia 4500
001 CTU_202924
008 210402s9999 xx 000 0 und d
082 |a 579.8 
082 |b H108 
100 |a La, Bách Hảo 
245 0 |a Ảnh hưởng của điều kiện nuôi cấy đến sinh trưởng và phát triển của vi tảo Botryococcus sp. : 
245 0 |b Luận văn tốt nghiệp Cao học ngành Công nghệ sinh học 
245 0 |c La Bách Hảo ; Nguyễn Hữu Hiệp (Cán bộ hướng dẫn) 
260 |a Cần Thơ 
260 |b Trường Đại học Cần Thơ 
260 |c 2015 
520 |a Đề tài nghiên cứu nhằm mục đích khảo sát các điều kiện ảnh hưởng đến sự phát triển và xác địnhmột số điều kiện nuôi cấy thích hợp cho sự phát triển của vi tảo Botryococcus sp. 
650 |a Microalgae,Vi tảo 
650 |x Biotechnology,Công nghệ sinh học 
904 |i Hải 
980 |a Trung tâm Học liệu Trường Đại học Cần Thơ